000 00872nam a22002657a 4500
001 BR8703164
003 BR-BrBNA
005 20230928092557.0
007 ta
008 230509b bl.||||| |||| 00| 0 por d
040 _aBR-BrBNA
_bpor
_cBiblioteca Nacional de Agricultura
041 _a(Por)
072 _aF01; L01; E14
090 _ F01 BR8703164
110 1 _aComissao de Desenvolvimento do Vale do Jequitinhonha, Belo Horizonte, MG (Brasil)
_91974
245 1 _aCaracteristicas basicas de potencialidade produtiva agricola e pecuaria
260 3 _aBelo Horizonte, MG (Brasil):
_c[nd].
300 _a9 p.
500 _aPublished 1979? (*) Documento disponível na(o) CODEVALE, Belo Horizonte, MG (Brazil)
650 _aPRODUCAO VEGETAL
650 _aPECUARIA
650 _aDESENVOLVIMENTO ECONOMICO
909 _a202309
_bLucia
_c55
_dLucia Elande
942 _cBK
999 _c39929
_d39929